Top 10 des meilleurs buteurs en Série A au 21ème siècle - Statistiques

Statistiques générales
  • Ce quiz a été pris 201 fois
  • Le résultat moyen est 5 sur 10
Statistiques - réponses
Nombre de but Nationalité Joueur % Correct
156 Suède Zlatan Ibrahimovic
93%
129 Italie Alessandro Del Piero
75%
207 Italie Francesco Totti
72%
201 Italie Ciro Immobile
68%
125 Argentine Gonzalo Higuain
64%
124 Argentine Paulo Dybala
54%
209 Italie Antonio Di Natale
43%
157 Italie Luca Toni
31%
182 Italie Fabio Quagliarella
25%
185 Italie Alberto Gilardino
12%
Aucun quiz correspondant
Distribution des résultats
% des personnes avec chaque résultat
Percentile par nombre de réponses
Votre historique - résultats
Vous n’avez pas pris ce quiz